| 000 | 00712nam a2200217 a 4500 | ||
|---|---|---|---|
| 005 | 20251024063925.0 | ||
| 008 | 991125s19891995mx 000 0 spa u | ||
| 020 | _a9684440421 | ||
| 035 | _aUPN01000043403 | ||
| 049 | _aI | ||
| 050 | 4 |
_aQ164 _bP76 1989 |
|
| 100 | 1 | _aProfesor Cientifix [seud.] | |
| 245 | 1 | 3 |
_aLa pandilla científica : _b66 experimentos fáciles / _cProfesor Cientifix ; tr. del francés ; il. de Jacques Goldstyn. |
| 250 | _a3a ed. | ||
| 260 |
_aMéxico : _bAlhambra Mexicana : _bCONACYT, _c1989 (1995 impr.). |
||
| 300 |
_a125 p. : _bil. |
||
| 440 | 3 | _aLa pandilla científica | |
| 650 | 4 |
_aCiencia _xExperimentos _95900 |
|
| 650 | 2 |
_aCiencia _vLiteratura juvenil _96801 |
|
| 905 | _aInfantil | ||
| 999 |
_c43403 _d43403 |
||